Enginering Mathematics (Record no. 56715)
[ view plain ]
| 000 -LEADER | |
|---|---|
| fixed length control field | 00443nam a2200181Ia 4500 |
| 008 - FIXED-LENGTH DATA ELEMENTS--GENERAL INFORMATION | |
| fixed length control field | 230524s9999 xx 000 0 und d |
| 020 ## - INTERNATIONAL STANDARD BOOK NUMBER | |
| ISBN | 9780098070896 |
| 082 ## - DEWEY DECIMAL CLASSIFICATION NUMBER | |
| Item number | PAL |
| 100 ## - MAIN ENTRY--AUTHOR NAME | |
| Personal name | Srimanta Pal |
| 245 #0 - TITLE STATEMENT | |
| Title | Enginering Mathematics |
| 250 ## - EDITION STATEMENT | |
| Edition statement | 2 |
| 260 ## - PUBLICATION, DISTRIBUTION, ETC. (IMPRINT) | |
| Place of publication | New Delhi |
| Name of publisher | Oxford |
| Year of publication | 2015 |
| 300 ## - PHYSICAL DESCRIPTION | |
| Number of Pages | "XIX,1003p;" |
| 500 ## - GENERAL NOTE | |
| General note | Quantity Number: 1 |
| 650 ## - SUBJECT ADDED ENTRY--TOPICAL TERM | |
| Topical Term | Mathematics |
| 700 ## - ADDED ENTRY--PERSONAL NAME | |
| Personal name | Subodh C. Bhunia |
| 942 ## - ADDED ENTRY ELEMENTS (KOHA) | |
| Koha item type | Books |
| Lost status | Damaged status | Permanent Location | Current Location | Shelving location | Date acquired | Full call number | Accession Number | Koha item type |
|---|---|---|---|---|---|---|---|---|
| Central Library, Trident Academy of Technology | Central Library, Trident Academy of Technology | General Stacks | 05/24/2023 | PAL | 53977 | Books |
